|
|
|
|
| LEADER |
01720cam a2200385Ia 4500 |
| 001 |
9780203486627 |
| 003 |
FlBoTFG |
| 005 |
20091230162919.0 |
| 006 |
a|||||s||||||||||| |
| 007 |
cr|||| |
| 008 |
040706s2005 nyuab sb 001 0 eng d |
| 020 |
|
|
|a 9780203486627 (e-book : PDF)
|
| 040 |
|
|
|a FlBoTFG
|c FlBoTFG
|d GrThAP
|
| 043 |
|
|
|a s-bl---
|
| 090 |
|
|
|a F2519.1.X56
|b H43 2005
|
| 092 |
|
|
|a 981.72
|b H448
|
| 100 |
1 |
|
|a Heckenberger, Michael.
|
| 245 |
1 |
4 |
|a The ecology of power
|h [electronic resource] :
|b culture, place, and personhood in the southern Amazon, A.D. 1000-2000 /
|c Michael J. Heckenberger.
|
| 260 |
|
|
|a New York :
|b Routledge,
|c 2005.
|
| 300 |
|
|
|a xxv, 404 p. :
|b ill., maps.
|
| 490 |
1 |
|
|a Critical perspectives in identity, memory, and the built environment
|
| 504 |
|
|
|a Includes bibliographical references (p. 361-384) and index.
|
| 530 |
|
|
|a Also available in print edition.
|b CRC Press (http://www.crcpress.com)
|
| 538 |
|
|
|a Mode of access: World Wide Web.
|
| 650 |
|
0 |
|a Indians of South America
|z Brazil
|z Xingu River Valley
|x History.
|
| 650 |
|
0 |
|a Indians of South America
|x First contact with Europeans
|z Brazil
|z Xingu River Valley.
|
| 650 |
|
0 |
|a Indians of South America
|x Brazil
|z Xingu River Valley
|x Social life and customs.
|
| 650 |
|
0 |
|a Chiefdoms
|z Brazil
|z Xingu River Valley.
|
| 651 |
|
0 |
|a Xingu River Valley (Brazil)
|x History.
|
| 651 |
|
0 |
|a Xingu River Valley (Brazil)
|x Colonization.
|
| 651 |
|
0 |
|a Xingu River Valley (Brazil)
|x Social life and customs.
|
| 655 |
|
7 |
|a Electronic books.
|2 lcsh
|
| 776 |
1 |
|
|z 9780415945998
|
| 830 |
|
0 |
|a Critical perspectives in identity, memory, and the built environment.
|
| 856 |
4 |
0 |
|u http://www.tandfebooks.com/isbn/9780203486627
|z Full Text via HEAL-Link
|